00334nam a22001217a 4500003000400000008004100004082001700045100003600062245003700098260005200135300000800187650001700195OSt220709b ||||| |||| 00| 0 eng d a615.1154 GON aIndian Pharmacopoeia Commission aNational Formulary of Indian 221 aGhazibadbIndian Pharmacopoeia Commissionc2021 a997 aPharmacology